[Event "Open Villa de Benasque 2018"]
[Site "Benasque ESP"]
[Date "2018.07.12"]
[Round "8.7"]
[White "Zubov, Alexander"]
[Black "Jansa, Vlastimil"]
[Result "1/2-1/2"]
[WhiteElo "2611"]
[BlackElo "2451"]
[PlyCount "101"]
[EventDate "2018.07.05"]
[EventType "swiss"]
[EventRounds "10"]
[EventCountry "ESP"]
[SourceTitle "Ajedrez en Madrid"]
[Source "lmi"]
[SourceDate "2018.07.05"]
[SourceVersion "1"]
[SourceVersionDate "2018.07.14"]
[SourceQuality "1"]

1. e4 c5 2. Nf3 e6 3. g3 b6 4. d4 cxd4 5. Nxd4 Bb7 6. Bg2 Nf6 7. Qe2 a6 8. O-O
d6 9. c4 Qc7 10. Nc3 Be7 11. g4 O-O 12. g5 Nfd7 13. Be3 Nc6 14. Nxc6 Qxc6 15.
Rac1 Rac8 16. b3 Qc7 17. h4 Rfe8 18. h5 Qb8 19. Rfd1 Bc6 20. Qg4 b5 21. cxb5
axb5 22. Ne2 Qa8 23. Nd4 Ne5 24. Qh4 Bb7 25. Nxb5 Qxa2 26. Nd4 Rxc1 27. Rxc1
Bd8 28. Qg3 Qa3 29. Rd1 Bb6 30. Kh2 Bc5 31. f4 Nc6 32. g6 Nxd4 33. Bxd4 Bxd4
34. Rxd4 Qc5 35. gxf7+ Kxf7 36. Qd3 Qxh5+ 37. Kg1 Qh4 38. Qd2 Ra8 39. Ra4 Qe7
40. Rxa8 Bxa8 41. b4 Qa7+ 42. Kh2 Qb6 43. f5 Qd8 44. fxe6+ Kxe6 45. Qa2+ Ke7
46. Qa7+ Kf8 47. b5 Qh4+ 48. Kg1 Qe1+ 49. Kh2 Qh4+ 50. Kg1 Qe1+ 51. Kh2 1/2-1/2

[Event "Open Villa de Benasque 2018"]
[Site "Benasque ESP"]
[Date "2018.07.12"]
[Round "8.9"]
[White "Campora, Daniel H."]
[Black "Gopal, G.N.."]
[Result "1/2-1/2"]
[WhiteElo "2405"]
[BlackElo "2593"]
[PlyCount "50"]
[EventDate "2018.07.05"]
[EventType "swiss"]
[EventRounds "10"]
[EventCountry "ESP"]
[SourceTitle "Ajedrez en Madrid"]
[Source "lmi"]
[SourceDate "2018.07.05"]
[SourceVersion "1"]
[SourceVersionDate "2018.07.14"]
[SourceQuality "1"]

1. Nf3 c5 2. g3 g6 3. Bg2 Bg7 4. O-O Nc6 5. c4 e6 6. Nc3 d6 7. d3 Nge7 8. Bd2
b6 9. a3 Bb7 10. Rb1 Qd7 11. b4 O-O 12. e3 h6 13. Qe2 Rad8 14. Rfd1 Nf5 15. Be1
Ne5 16. Nxe5 Bxe5 17. Ne4 Qc7 18. f4 Bg7 19. Bf2 d5 20. Nd2 h5 21. bxc5 bxc5
22. Rdc1 Ba6 23. Qd1 dxc4 24. Nxc4 Qd7 25. e4 Nd4 1/2-1/2

[Event "Open Villa de Benasque 2018"]
[Site "Benasque ESP"]
[Date "2018.07.13"]
[Round "9.1"]
[White "Chigaev, Maksim"]
[Black "Prohaszka, Peter"]
[Result "0-1"]
[WhiteElo "2582"]
[BlackElo "2610"]
[PlyCount "66"]
[EventDate "2018.07.05"]
[EventType "swiss"]
[EventRounds "10"]
[EventCountry "ESP"]
[SourceTitle "Ajedrez en Madrid"]
[Source "lmi"]
[SourceDate "2018.07.05"]
[SourceVersion "1"]
[SourceVersionDate "2018.07.14"]
[SourceQuality "1"]

1. e4 e5 2. Nf3 Nc6 3. Bb5 Nf6 4. d3 Bc5 5. Nc3 h6 6. Bxc6 dxc6 7. Nxe5 Qd4 8.
Be3 Qxe5 9. d4 Qe7 10. dxc5 Nxe4 11. Qd4 Bf5 12. O-O-O O-O 13. Nxe4 Qxe4 14.
Qxe4 Bxe4 15. f3 Bd5 16. Bf4 Rac8 17. Rd4 Rfe8 18. Ra4 Re2 19. Rxa7 Rxg2 20.
Rxb7 Re8 21. Kb1 Bxf3 22. Rc1 g5 23. Bxc7 f5 24. Rb4 f4 25. Bxf4 gxf4 26. Rxf4
Rf8 27. Rxf8+ Kxf8 28. a4 Ke7 29. a5 Kd7 30. a6 Kc7 31. Re1 Be2 32. b3 Kb8 33.
c4 Ka7 0-1

[Event "Open Villa de Benasque 2018"]
[Site "Benasque ESP"]
[Date "2018.07.13"]
[Round "9.2"]
[White "Vazquez Igarza, Renier"]
[Black "Vocaturo, Daniele"]
[Result "1/2-1/2"]
[WhiteElo "2571"]
[BlackElo "2609"]
[PlyCount "112"]
[EventDate "2018.07.05"]
[EventType "swiss"]
[EventRounds "10"]
[EventCountry "ESP"]
[SourceTitle "Ajedrez en Madrid"]
[Source "lmi"]
[SourceDate "2018.07.05"]
[SourceVersion "1"]
[SourceVersionDate "2018.07.14"]
[SourceQuality "1"]

1. d4 Nf6 2. c4 g6 3. Nf3 Bg7 4. Nc3 d6 5. g3 Bf5 6. Bg2 Ne4 7. Nxe4 Bxe4 8.
O-O O-O 9. Be3 c6 10. Qd2 e6 11. Bg5 Qc7 12. Rad1 d5 13. Bf4 Qd8 14. b3 Nd7 15.
Bd6 Re8 16. Qf4 Nf6 17. c5 Qa5 18. Ne5 Bxg2 19. Kxg2 Qxa2 20. g4 Qxe2 21. Rfe1
Qc2 22. Rc1 Qb2 23. g5 Ne4 24. Qxf7+ Kh8 25. Re3 Nxg5 26. Nxg6+ hxg6 27. Qxg6
Rf8 28. Bxf8 Rxf8 29. Qxg5 Rxf2+ 30. Kg1 Rxh2 31. Rf1 Rh6 32. Rf2 Qa1+ 33. Rf1
Qxd4 34. Kg2 Qxc5 35. Rg3 Qc2+ 36. Rf2 Qe4+ 37. Rff3 Qe2+ 38. Rf2 Qe4+ 39. Rff3
Qe2+ 40. Rf2 Rh2+ 41. Kxh2 Qxf2+ 42. Kh1 Qf1+ 43. Kh2 Qe2+ 44. Kh1 Qd1+ 45. Kh2
Qe2+ 46. Kh1 Qf1+ 47. Kh2 Qf7 48. Kg2 e5 49. Rh3+ Kg8 50. Qd8+ Bf8 51. Rg3+ Kh7
52. Rf3 Qg6+ 53. Kf1 Qb1+ 54. Kg2 Qg6+ 55. Kf1 Qb1+ 56. Kg2 Qg6+ 1/2-1/2

[Event "Open Villa de Benasque 2018"]
[Site "Benasque ESP"]
[Date "2018.07.13"]
[Round "9.3"]
[White "Zoler, Dan"]
[Black "Iturrizaga Bonelli, Eduardo"]
[Result "0-1"]
[WhiteElo "2506"]
[BlackElo "2652"]
[PlyCount "102"]
[EventDate "2018.07.05"]
[EventType "swiss"]
[EventRounds "10"]
[EventCountry "ESP"]
[SourceTitle "Ajedrez en Madrid"]
[Source "lmi"]
[SourceDate "2018.07.05"]
[SourceVersion "1"]
[SourceVersionDate "2018.07.14"]
[SourceQuality "1"]

1. d4 Nf6 2. c4 e6 3. Nf3 b6 4. g3 Ba6 5. Nbd2 c5 6. Bg2 Nc6 7. dxc5 bxc5 8.
O-O Be7 9. b3 Qc7 10. Bb2 O-O 11. Re1 d6 12. Qc2 h6 13. Nf1 Bb7 14. h4 a5 15.
a4 Rab8 16. Ne3 Qb6 17. Qc3 Bc8 18. Nd2 Rd8 19. Rab1 Nb4 20. Qc1 Qc7 21. Bxf6
Bxf6 22. Ne4 Bd4 23. Nc2 f5 24. Nxb4 axb4 25. e3 Be5 26. Nd2 d5 27. Qc2 Bc3 28.
Red1 d4 29. Qd3 dxe3 30. Qxe3 Bd4 31. Qf3 e5 32. Nf1 Be6 33. Rd2 e4 34. Qe2 Qe5
35. Kh1 g5 36. h5 Rf8 37. Ne3 Rbe8 38. Nd5 Bxd5 39. cxd5 Bxf2 40. Qa6 Rf6 41.
d6 Bd4 42. Qc4+ Kg7 43. d7 Rd8 44. a5 Rxd7 45. a6 Qxg3 46. Rxd4 cxd4 47. Ra1
Qc3 48. Qf1 Ra7 49. Rc1 Qxb3 50. Qb5 Qf7 51. Rc6 Qd7 0-1

[Event "Open Villa de Benasque 2018"]
[Site "Benasque ESP"]
[Date "2018.07.13"]
[Round "9.4"]
[White "Banusz, Tamas"]
[Black "Castellanos Rodriguez, Renier"]
[Result "1/2-1/2"]
[WhiteElo "2607"]
[BlackElo "2498"]
[PlyCount "53"]
[EventDate "2018.07.05"]
[EventType "swiss"]
[EventRounds "10"]
[EventCountry "ESP"]
[SourceTitle "Ajedrez en Madrid"]
[Source "lmi"]
[SourceDate "2018.07.05"]
[SourceVersion "1"]
[SourceVersionDate "2018.07.14"]
[SourceQuality "1"]

1. Nf3 Nf6 2. c4 e6 3. g3 d5 4. d4 Bb4+ 5. Bd2 Be7 6. Bg2 c6 7. Qc2 O-O 8. O-O
Nbd7 9. Bf4 h6 10. Rd1 a5 11. Nc3 dxc4 12. e4 Re8 13. a4 Qb6 14. h3 Qa6 15. g4
Bf8 16. b3 cxb3 17. Qxb3 Bb4 18. Bf1 Qb6 19. Bd3 e5 20. Bxe5 Nxe5 21. Nxe5 Be6
22. Bc4 Qc7 23. f3 Nd7 24. f4 Nxe5 25. fxe5 Rad8 26. Bxe6 fxe6 27. Ne2 1/2-1/2

[Event "Open Villa de Benasque 2018"]
[Site "Benasque ESP"]
[Date "2018.07.13"]
[Round "9.5"]
[White "Gascon Del Nogal, Jose Rafael"]
[Black "Baklan, Vladimir"]
[Result "1/2-1/2"]
[WhiteElo "2458"]
[BlackElo "2595"]
[PlyCount "30"]
[EventDate "2018.07.05"]
[EventType "swiss"]
[EventRounds "10"]
[EventCountry "ESP"]
[SourceTitle "Ajedrez en Madrid"]
[Source "lmi"]
[SourceDate "2018.07.05"]
[SourceVersion "1"]
[SourceVersionDate "2018.07.14"]
[SourceQuality "1"]

1. e4 e6 2. d4 d5 3. Nc3 Nf6 4. e5 Nfd7 5. f4 c5 6. Nf3 Be7 7. Be3 O-O 8. Qd2
b6 9. h4 Nc6 10. Bb5 Ndb8 11. O-O-O c4 12. g4 a6 13. Bxc6 Nxc6 14. f5 b5 15. f6
gxf6 1/2-1/2

[Event "Open Villa de Benasque 2018"]
[Site "Benasque ESP"]
[Date "2018.07.13"]
[Round "9.6"]
[White "Zubov, Alexander"]
[Black "Kharitonov, Alexandr"]
[Result "1/2-1/2"]
[WhiteElo "2611"]
[BlackElo "2564"]
[PlyCount "41"]
[EventDate "2018.07.05"]
[EventType "swiss"]
[EventRounds "10"]
[EventCountry "ESP"]
[SourceTitle "Ajedrez en Madrid"]
[Source "lmi"]
[SourceDate "2018.07.05"]
[SourceVersion "1"]
[SourceVersionDate "2018.07.14"]
[SourceQuality "1"]

1. e4 c6 2. d4 d5 3. e5 Bf5 4. Nf3 e6 5. Be2 c5 6. O-O Nc6 7. c3 Bg6 8. Be3
cxd4 9. cxd4 Nh6 10. Nc3 Nf5 11. Bd3 Be7 12. g4 Nxe3 13. fxe3 Bxd3 14. Qxd3 O-O
15. Rf2 f6 16. exf6 Bxf6 17. Raf1 Bh4 18. Rg2 Be7 19. Rgf2 Bh4 20. Rg2 Be7 21.
Rgf2 1/2-1/2

[Event "Open Villa de Benasque 2018"]
[Site "Benasque ESP"]
[Date "2018.07.13"]
[Round "9.7"]
[White "Gopal, G.N.."]
[Black "Munguntuul, Batkhuyag"]
[Result "1/2-1/2"]
[WhiteElo "2593"]
[BlackElo "2417"]
[PlyCount "290"]
[EventDate "2018.07.05"]
[EventType "swiss"]
[EventRounds "10"]
[EventCountry "ESP"]
[SourceTitle "Ajedrez en Madrid"]
[Source "lmi"]
[SourceDate "2018.07.05"]
[SourceVersion "1"]
[SourceVersionDate "2018.07.14"]
[SourceQuality "1"]

1. e4 c5 2. Nf3 e6 3. d4 cxd4 4. Nxd4 Nc6 5. Nc3 Qc7 6. Be2 a6 7. O-O Nf6 8.
Be3 Be7 9. f4 d6 10. Qe1 O-O 11. Qg3 Nxd4 12. Bxd4 b5 13. Kh1 Bb7 14. a3 Rad8
15. Rae1 Rd7 16. Bd3 Re8 17. a4 b4 18. Na2 d5 19. Bxf6 Bxf6 20. e5 Bd8 21. Nxb4
Qb6 22. c3 d4 23. f5 exf5 24. Bxf5 Rde7 25. Be4 dxc3 26. Qxc3 Rc7 27. Qd2 Bg5
28. Qd6 Re6 29. Qxb6 Rxb6 30. Nd5 Bxd5 31. Bxd5 g6 32. b3 Kg7 33. g3 Rb4 34.
Bc4 a5 35. Kg2 Rbb7 36. Re2 Rd7 37. h4 Bd8 38. Rf3 Re7 39. Bb5 Bc7 40. Rfe3 Rb8
41. e6 Bb6 42. Re4 Rf8 43. Bc4 fxe6 44. Rxe6 Rxe6 45. Rxe6 Bc5 46. Ra6 Bb4 47.
Ra7+ Kh8 48. Rb7 Be1 49. Re7 Bb4 50. Rd7 Be1 51. Re7 Bb4 52. Rc7 Be1 53. Bf7
Kg7 54. Bd5+ Kh8 55. Re7 Bb4 56. Re4 Bc5 57. Rc4 Be7 58. Rc6 Rd8 59. Bc4 Rf8
60. Kh3 Rf6 61. Rc7 Bd6 62. Rd7 h6 63. Kg4 Bb4 64. Rb7 Be1 65. Rd7 Bb4 66. Rb7
Be1 67. Bd5 Rd6 68. Rb5 Rf6 69. Rb8+ Kg7 70. Rg8+ Kh7 71. Re8 Bb4 72. Bc4 Bd6
73. Re3 Kg7 74. Rd3 Bb4 75. Rd5 Kh8 76. Rb5 Be1 77. Rb7 Bd2 78. Kh3 Be1 79. Bd5
Rd6 80. Rb5 Rf6 81. Be4 Kg7 82. Bd5 Kh8 83. g4 Kg7 84. Rb7+ Kh8 85. Re7 Bb4 86.
Re3 Kg7 87. Bc4 Bc5 88. Re5 Bb4 89. Re8 Rf3+ 90. Kg2 Rf6 91. Bd5 Rd6 92. Be4
Rf6 93. Bf3 Rf7 94. Re4 Bc5 95. Rc4 Ba3 96. Rc3 Bb4 97. Rc4 Ba3 98. Bd5 Rf6 99.
Rc7+ Kh8 100. Bf3 Bb4 101. Kf2 Bd6 102. Rc6 Be7 103. Rc7 Bd6 104. Rb7 Bc5+ 105.
Ke2 Re6+ 106. Kd3 Rb6 107. Rxb6 Bxb6 108. Kc4 Bd8 109. Kb5 Kg7 110. Be4 Kf6
111. Bc2 Kg7 112. Ka6 Kf7 113. Bd3 Kg7 114. Kb5 Kf7 115. Be4 Kg7 116. Bc6 Kf7
117. Bb7 Kg7 118. Bc8 Kf7 119. Bd7 Ke7 120. Bc6 Kf7 121. Bf3 Kg7 122. Bd1 Kf7
123. Ka6 Kg7 124. g5 hxg5 125. hxg5 Kf7 126. Bc2 Kg7 127. Kb5 Kf7 128. Bd3 Kg7
129. Bc4 Kf8 130. Bd5 Kg7 131. Ka6 Kf8 132. Kb5 Kg7 133. Be4 Kf7 134. Bc2 Kg7
135. b4 axb4 136. a5 Bxg5 137. a6 Be3 138. Kxb4 Kf6 139. Kb5 g5 140. Kc6 Ke5
141. Bd1 Kf4 142. Kb7 g4 143. a7 Bxa7 144. Bxg4 Kxg4 145. Kxa7 Kf4 1/2-1/2

[Event "Open Villa de Benasque 2018"]
[Site "Benasque ESP"]
[Date "2018.07.13"]
[Round "9.8"]
[White "Forcen Esteban, Daniel"]
[Black "Campora, Daniel H."]
[Result "1-0"]
[WhiteElo "2567"]
[BlackElo "2405"]
[PlyCount "123"]
[EventDate "2018.07.05"]
[EventType "swiss"]
[EventRounds "10"]
[EventCountry "ESP"]
[SourceTitle "Ajedrez en Madrid"]
[Source "lmi"]
[SourceDate "2018.07.05"]
[SourceVersion "1"]
[SourceVersionDate "2018.07.14"]
[SourceQuality "1"]

1. e4 d6 2. d4 Nf6 3. Nc3 e5 4. Nge2 Be7 5. h3 O-O 6. g4 c6 7. Ng3 Re8 8. Be3
exd4 9. Qxd4 d5 10. exd5 cxd5 11. O-O-O Nc6 12. Qa4 Be6 13. Bg2 Rc8 14. g5 Nd7
15. Bxd5 Bxg5 16. f4 Bh4 17. Rhg1 Bxg3 18. Rxg3 Qh4 19. Rdg1 g6 20. Qb5 Nb6 21.
Bxe6 Rxe6 22. f5 Re5 23. Qf1 Rxe3 24. Rxe3 Qh6 25. Rgg3 Nd4 26. fxg6 fxg6 27.
Kb1 Nc4 28. Re8+ Rxe8 29. Qxc4+ Ne6 30. Ne4 Kh8 31. a4 Qf4 32. Qc3+ Ng7 33. Nf6
Rd8 34. Rd3 Rf8 35. Rf3 Qd6 36. h4 h5 37. b3 a6 38. a5 Qc6 39. Ne4 Qe8 40. Re3
Qd7 41. Ng5 Rc8 42. Qe1 Nf5 43. Re6 Ng7 44. Rxg6 Qf5 45. Rh6+ Kg8 46. Qd2 Re8
47. Rd6 Re5 48. Rd8+ Ne8 49. Qc3 Kf8 50. Qb4+ Re7 51. Rd4 Qf1+ 52. Kb2 Qe1 53.
Rf4+ Kg8 54. Qc4+ Kg7 55. Rf5 Kg6 56. Rc5 Nf6 57. Ka2 Qe2 58. Qf4 Qg4 59. Qd6
Rd7 60. Qf8 Qe2 61. Nf7 Ne4 62. Nh8+ 1-0

[Event "Open Villa de Benasque 2018"]
[Site "Benasque ESP"]
[Date "2018.07.13"]
[Round "9.9"]
[White "Marin, Mihail"]
[Black "Alvarado Diaz, Alejandro"]
[Result "1-0"]
[WhiteElo "2556"]
[BlackElo "2402"]
[PlyCount "155"]
[EventDate "2018.07.05"]
[EventType "swiss"]
[EventRounds "10"]
[EventCountry "ESP"]
[SourceTitle "Ajedrez en Madrid"]
[Source "lmi"]
[SourceDate "2018.07.05"]
[SourceVersion "1"]
[SourceVersionDate "2018.07.14"]
[SourceQuality "1"]

1. d4 f5 2. g3 Nf6 3. Bg2 g6 4. Nf3 Bg7 5. O-O O-O 6. c4 d6 7. Nc3 c6 8. b3 Na6
9. Bb2 Qc7 10. Rc1 e5 11. d5 c5 12. e4 fxe4 13. Ng5 Qe7 14. Ngxe4 Nxe4 15. Nxe4
Bf5 16. Qd2 Rae8 17. Rce1 Qd7 18. h4 Nc7 19. Qa5 b5 20. b4 Bxe4 21. Bxe4 cxb4
22. Qxb4 bxc4 23. Qxc4 Rb8 24. Re2 Qb5 25. Rc1 Rfc8 26. Qxb5 Nxb5 27. Rc6 Kf7
28. Rec2 Rxc6 29. Rxc6 Rb6 30. Rc8 Rb7 31. Rc6 Ke7 32. g4 Nd4 33. Bxd4 exd4 34.
f4 d3 35. Bxd3 Rb4 36. Rc7+ Kf8 37. Bc4 Rb2 38. Kf1 a5 39. Rc8+ Ke7 40. Rc7+
Kf8 41. Rc6 Ke7 42. Bb3 a4 43. Rc7+ Kf8 44. Rc8+ Ke7 45. Rc7+ Kf8 46. Bxa4 Rxa2
47. Rc8+ Ke7 48. Rc7+ Kf8 49. Bd7 Bd4 50. f5 Ra7 51. Rc8+ Ke7 52. Be6 gxf5 53.
Bxf5 Kf6 54. Re8 Kg7 55. Re6 Be5 56. h5 Bf4 57. Kf2 h6 58. Kf3 Ra4 59. Be4 Bg5
60. Rxd6 Ra3+ 61. Kg2 Ra2+ 62. Kf1 Kf7 63. Bf5 Rd2 64. Rg6 Bf4 65. Ke1 Rd4 66.
Ke2 Ke7 67. Kf3 Kf7 68. Be4 Bg5 69. Ra6 Ke7 70. Rc6 Rd2 71. Re6+ Kd7 72. Rg6
Ke7 73. Rxg5 hxg5 74. h6 Rh2 75. h7 Kf6 76. d6 Ke6 77. Bg6 Rh6 78. Ke4 1-0

[Event "Open Villa de Benasque 2018"]
[Site "Benasque ESP"]
[Date "2018.07.13"]
[Round "9.10"]
[White "Santos Ruiz, Miguel"]
[Black "Osmak, Iulija"]
[Result "1/2-1/2"]
[WhiteElo "2531"]
[BlackElo "2392"]
[PlyCount "44"]
[EventDate "2018.07.05"]
[EventType "swiss"]
[EventRounds "10"]
[EventCountry "ESP"]
[SourceTitle "Ajedrez en Madrid"]
[Source "lmi"]
[SourceDate "2018.07.05"]
[SourceVersion "1"]
[SourceVersionDate "2018.07.14"]
[SourceQuality "1"]

1. e4 e6 2. d4 d5 3. Nc3 Bb4 4. e5 Ne7 5. a3 Bxc3+ 6. bxc3 c5 7. Qg4 Kf8 8. a4
Qc7 9. Qd1 Nbc6 10. Nf3 cxd4 11. cxd4 Nb4 12. Kd2 Bd7 13. Ba3 Nbc6 14. Bd6 Qd8
15. Qb1 Na5 16. Qb4 b6 17. c4 dxc4 18. Bxc4 Nxc4+ 19. Qxc4 Kg8 20. Rhc1 Nd5 21.
Ke1 g6 22. Kf1 Kg7 1/2-1/2

[Event "Open Villa de Benasque 2018"]
[Site "Benasque ESP"]
[Date "2018.07.14"]
[Round "10.1"]
[White "Prohaszka, Peter"]
[Black "Vazquez Igarza, Renier"]
[Result "1/2-1/2"]
[WhiteElo "2610"]
[BlackElo "2571"]
[PlyCount "42"]
[EventDate "2018.07.05"]
[EventType "swiss"]
[EventRounds "10"]
[EventCountry "ESP"]
[SourceTitle "Ajedrez en Madrid"]
[Source "lmi"]
[SourceDate "2018.07.05"]
[SourceVersion "1"]
[SourceVersionDate "2018.07.14"]
[SourceQuality "1"]

1. d4 Nf6 2. c4 g6 3. Nf3 Bg7 4. g3 d5 5. cxd5 Nxd5 6. Bg2 Nb6 7. O-O Nc6 8. e3
O-O 9. Nc3 Re8 10. Nh4 e5 11. d5 Na5 12. e4 c6 13. dxc6 Nxc6 14. Nf3 Nd4 15.
Nxd4 exd4 16. Nd5 Nxd5 17. exd5 Bf5 18. Bd2 Be4 19. Bxe4 Rxe4 20. Qb3 d3 21.
Be3 Re5 1/2-1/2

[Event "Open Villa de Benasque 2018"]
[Site "Benasque ESP"]
[Date "2018.07.14"]
[Round "10.2"]
[White "Vocaturo, Daniele"]
[Black "Iturrizaga Bonelli, Eduardo"]
[Result "1/2-1/2"]
[WhiteElo "2609"]
[BlackElo "2652"]
[PlyCount "37"]
[EventDate "2018.07.05"]
[EventType "swiss"]
[EventRounds "10"]
[EventCountry "ESP"]
[SourceTitle "Ajedrez en Madrid"]
[Source "lmi"]
[SourceDate "2018.07.05"]
[SourceVersion "1"]
[SourceVersionDate "2018.07.14"]
[SourceQuality "1"]

1. e4 c5 2. Nf3 Nc6 3. d4 cxd4 4. Nxd4 g6 5. c4 Nf6 6. Nc3 d6 7. Be2 Nxd4 8.
Qxd4 Bg7 9. Be3 O-O 10. Qd2 a5 11. f3 a4 12. Rc1 Qa5 13. O-O Be6 14. Nd5 Qxd2
15. Nxe7+ Kh8 16. Bxd2 Rfe8 17. Nd5 Nxd5 18. cxd5 Bxd5 19. Bb5 1/2-1/2

[Event "Open Villa de Benasque 2018"]
[Site "Benasque ESP"]
[Date "2018.07.14"]
[Round "10.3"]
[White "Nasuta, Grzegorz"]
[Black "Banusz, Tamas"]
[Result "0-1"]
[WhiteElo "2491"]
[BlackElo "2607"]
[PlyCount "112"]
[EventDate "2018.07.05"]
[EventType "swiss"]
[EventRounds "10"]
[EventCountry "ESP"]
[SourceTitle "Ajedrez en Madrid"]
[Source "lmi"]
[SourceDate "2018.07.05"]
[SourceVersion "1"]
[SourceVersionDate "2018.07.14"]
[SourceQuality "1"]

1. e4 e5 2. Nf3 Nc6 3. Bb5 a6 4. Ba4 Nge7 5. Bb3 d5 6. exd5 Nxd5 7. O-O Bg4 8.
h3 Bh5 9. Re1 Be7 10. g4 Bg6 11. Nxe5 Nxe5 12. Rxe5 c6 13. Qe1 Kf8 14. Nc3 Bd6
15. Nxd5 Bxe5 16. Qxe5 cxd5 17. d3 h5 18. Qxd5 Qxd5 19. Bxd5 Rc8 20. Bb3 hxg4
21. hxg4 f6 22. Be3 Bf7 23. c4 Be6 24. f3 Ke7 25. Bb6 Rc6 26. Ba5 b5 27. Rc1
Kf7 28. Bd1 bxc4 29. b3 Rc5 30. Be1 c3 31. Rxc3 Rxc3 32. Bxc3 f5 33. d4 fxg4
34. fxg4 Rh3 35. Be1 Rd3 36. Be2 Rxd4 37. Kf2 Re4 38. Bc3 Bxg4 39. Bxa6 Be6 40.
Bd3 Rh4 41. Be5 g5 42. Ke3 Rh1 43. Be2 Kg6 44. Bd3+ Kh5 45. Kd4 Ra1 46. b4 Rxa2
47. b5 g4 48. b6 Bc8 49. Be4 Ra4+ 50. Ke3 Rb4 51. Bc7 Kh4 52. Bd5 Kh3 53. Kd3
g3 54. Kc3 Rb5 55. Bc4 g2 56. Bxb5 g1=Q 0-1

[Event "Open Villa de Benasque 2018"]
[Site "Benasque ESP"]
[Date "2018.07.14"]
[Round "10.4"]
[White "Baklan, Vladimir"]
[Black "Castellanos Rodriguez, Renier"]
[Result "1/2-1/2"]
[WhiteElo "2595"]
[BlackElo "2498"]
[PlyCount "51"]
[EventDate "2018.07.05"]
[EventType "swiss"]
[EventRounds "10"]
[EventCountry "ESP"]
[SourceTitle "Ajedrez en Madrid"]
[Source "lmi"]
[SourceDate "2018.07.05"]
[SourceVersion "1"]
[SourceVersionDate "2018.07.14"]
[SourceQuality "1"]

1. e4 c5 2. Nf3 d6 3. d4 cxd4 4. Nxd4 Nf6 5. Nc3 a6 6. Be3 e6 7. g3 Be7 8. Bg2
Qc7 9. O-O Nc6 10. Nxc6 bxc6 11. Na4 Rb8 12. c4 c5 13. b3 Bb7 14. Nc3 Nd7 15.
Rc1 Bf6 16. Ne2 O-O 17. f4 Rbd8 18. g4 g6 19. g5 Bg7 20. Ng3 Rfe8 21. Rc2 Nb8
22. Rcf2 Nc6 23. Kh1 a5 24. Bd2 a4 25. Ne2 axb3 26. axb3 1/2-1/2

[Event "Open Villa de Benasque 2018"]
[Site "Benasque ESP"]
[Date "2018.07.14"]
[Round "10.5"]
[White "Pulvett Marin, Daniel Eduardo"]
[Black "Chigaev, Maksim"]
[Result "1-0"]
[WhiteElo "2458"]
[BlackElo "2582"]
[PlyCount "98"]
[EventDate "2018.07.05"]
[EventType "swiss"]
[EventRounds "10"]
[EventCountry "ESP"]
[SourceTitle "Ajedrez en Madrid"]
[Source "lmi"]
[SourceDate "2018.07.05"]
[SourceVersion "1"]
[SourceVersionDate "2018.07.14"]
[SourceQuality "1"]

1. d4 Nf6 2. c4 g6 3. Nc3 Bg7 4. e4 d6 5. h3 O-O 6. Be3 c5 7. d5 e6 8. Bd3 exd5
9. exd5 Re8 10. Nf3 Bh6 11. O-O Bxe3 12. fxe3 Rf8 13. e4 Nbd7 14. Qd2 Ne8 15.
Bc2 Qe7 16. Ba4 f6 17. Rf2 Nc7 18. Raf1 Ne5 19. Nxe5 Qxe5 20. a3 a5 21. Qf4
Qxf4 22. Rxf4 Kg7 23. R4f3 b6 24. Bc6 Rb8 25. Nb5 Nxb5 26. cxb5 Rf7 27. g4 h6
28. b4 axb4 29. axb4 cxb4 30. Rb1 Bd7 31. Rxb4 Rbf8 32. Ra4 Bc8 33. Ra8 Re7 34.
Rfa3 f5 35. exf5 gxf5 36. R3a7 Rxa7 37. Rxa7+ Kf6 38. Ra8 Ke7 39. Rb8 fxg4 40.
hxg4 Bxg4 41. Rxb6 Kf6 42. Ra6 Be2 43. Ra2 Rg8+ 44. Kh2 Bc4 45. Ra4 Bb3 46. Ra3
Bc4 47. b6 Ke5 48. b7 Bxd5 49. Bxd5 Kxd5 1-0

[Event "Open Villa de Benasque 2018"]
[Site "Benasque ESP"]
[Date "2018.07.14"]
[Round "10.6"]
[White "Gascon Del Nogal, Jose Rafael"]
[Black "Forcen Esteban, Daniel"]
[Result "0-1"]
[WhiteElo "2458"]
[BlackElo "2567"]
[PlyCount "76"]
[EventDate "2018.07.05"]
[EventType "swiss"]
[EventRounds "10"]
[EventCountry "ESP"]
[SourceTitle "Ajedrez en Madrid"]
[Source "lmi"]
[SourceDate "2018.07.05"]
[SourceVersion "1"]
[SourceVersionDate "2018.07.14"]
[SourceQuality "1"]

1. e4 e5 2. Nf3 Nc6 3. Bc4 Nf6 4. d3 h6 5. O-O d6 6. c3 g5 7. d4 g4 8. Nfd2
exd4 9. cxd4 Nxd4 10. Nc3 Bg7 11. f4 gxf3 12. Nxf3 Nc6 13. Bf4 Be6 14. Bb5 a6
15. Bxc6+ bxc6 16. Nd4 Qd7 17. Nf5 Bxf5 18. exf5 Kd8 19. Qb3 Kc8 20. Rad1 Re8
21. Rf2 Ng4 22. Rf3 Qxf5 23. Bg3 Qc5+ 24. Kh1 Ne5 25. Rxf7 Rb8 26. Qa4 Nxf7 27.
Qg4+ Kb7 28. Qxg7 Qf5 29. Kg1 Rg8 30. Qd4 Rg4 31. Qe3 Rbg8 32. Rf1 Qg6 33. Na4
Nd8 34. Kh1 Qe4 35. Qb3+ Qb4 36. Re1 Qxb3 37. axb3 h5 38. Re7 Kb8 0-1

[Event "Open Villa de Benasque 2018"]
[Site "Benasque ESP"]
[Date "2018.07.14"]
[Round "10.8"]
[White "Lopez Mulet, Inigo"]
[Black "Marin, Mihail"]
[Result "0-1"]
[WhiteElo "2378"]
[BlackElo "2556"]
[PlyCount "92"]
[EventDate "2018.07.05"]
[EventType "swiss"]
[EventRounds "10"]
[EventCountry "ESP"]
[SourceTitle "Ajedrez en Madrid"]
[Source "lmi"]
[SourceDate "2018.07.05"]
[SourceVersion "1"]
[SourceVersionDate "2018.07.14"]
[SourceQuality "1"]

1. d4 e6 2. c4 Bb4+ 3. Bd2 a5 4. e4 d6 5. Ne2 Nf6 6. a3 Bxd2+ 7. Nxd2 e5 8. g3
O-O 9. Bg2 a4 10. O-O Nbd7 11. Re1 c6 12. Qc2 Qb6 13. c5 dxc5 14. d5 Qc7 15. f4
cxd5 16. exd5 Ra6 17. Nc4 exf4 18. Nxf4 b5 19. Ne3 c4 20. Kh1 Nc5 21. Nf5 Bxf5
22. Qxf5 Qd6 23. Re2 g6 24. Qc2 Raa8 25. Rae1 Rae8 26. Rxe8 Rxe8 27. Rxe8+ Nxe8
28. Qc3 Qe7 29. h4 Nd6 30. Kh2 Nd7 31. Qd4 Qe5 32. Qa7 Nf6 33. Qb6 h6 34. Qd8+
Kg7 35. Qc7 Nfe8 36. Qa7 Kg8 37. Qf2 Nf6 38. Qd2 Kg7 39. Bf3 Nf5 40. Qe2 Nd4
41. Qg2 Nxf3+ 42. Qxf3 Qxb2+ 43. Kh3 Qd2 44. Ne6+ fxe6 45. dxe6 Qd5 46. Qe3
Qh1# 0-1